Normal view
MARC view
Entry Personal Name
001 - CONTROL NUMBER
- control field: 17359
003 - CONTROL NUMBER IDENTIFIER
- control field: dpl
005 - DATE AND TIME OF LATEST TRANSACTION
- control field: 20100828121950.0
008 - FIXED-LENGTH DATA ELEMENTS
- fixed length control field: 100828|||a|||||| | ||| d
040 ## - CATALOGING SOURCE
- Original cataloging agency: dpl
- Transcribing agency: dpl
100 ## - HEADING--PERSONAL NAME
- Personal name: मलिक, कुलबीर सिंह
670 ## - SOURCE DATA FOUND
- Source citation: Work cat.: (dpl)34780: मलिक, कुलबीर सिंह, कब्रिस्तान की बेरियाँ /, 2008
670 ## - SOURCE DATA FOUND
- Source citation: Work cat.: (dpl)34780: मलिक, कुलबीर सिंह, कब्रिस्तान की बेरियाँ /, 2008
